000
00342nam a22001457a 4500
008
210518b ||||| |||| 00| 0 eng d
020
_a
9780803922624
041
_a
eng
080
_a
070
082
_a
070
100
_a
40
101
_a
MED
245
_a
Methods for Intercultural Communication Research
_c
Gudykunst,W.B
942
_2
udc
_c
BK
999
_c
57410
_d
57410